Bengkel penilaian harta kediaman di JPPH Bangi [ 9 - 12 Julai 1996

Bibliographic Details
Corporate Author: INSPEN (Institut Penilaian Negara)
Format: Book
Published: Bangi : JPPH Bangi , 1996
Subjects:

MARC

LEADER 00000cam a2200000 7i4500
001 0000022879
005 20101025.0
008 101025
040 |a INS 
090 0 0 |a VCD 1683 
245 0 0 |a Bengkel penilaian harta kediaman di JPPH Bangi [  |h cakera video] :   |b 9 - 12 Julai 1996 
260 |a Bangi :   |b JPPH Bangi ,   |c 1996 
300 |a 1 cakera video (23 min.) :   |b wrn., by. ;   |c 4 3/4 in. 
500 |a Juga terdapat dalam format VHS 650 
650 0 0 |a Real property   |x valuation 
710 1 |a INSPEN (Institut Penilaian Negara) 
999 |a VCD0001683   |b VIDEO CD   |c Media Collection   |e Default branch